Statistieken voor Dutch municipalities (Nederlandse gemeenten)

Klik hier om de quiz te nemen!

Algemene statistieken

  • Deze quiz is 913 keer genomen
  • De gemiddelde score is 94 van 408

Antwoordstatistieken

Municipalities% Correct
Amsterdam
95%
Rotterdam
90%
Den Haag/'s-Gravenhage
86%
Groningen
85%
Utrecht
83%
Maastricht
82%
Eindhoven
79%
Haarlem
76%
Leeuwarden
76%
Almere
75%
Breda
75%
’s-Hertogenbosch/Den Bosch
75%
Tilburg
72%
Zwolle
72%
Arnhem
71%
Assen
71%
Lelystad
71%
Middelburg
71%
Nijmegen
71%
Apeldoorn
68%
Den Helder
67%
Enschede
67%
Leiden
67%
Venlo
67%
Alkmaar
66%
Amersfoort
65%
Texel
65%
Delft
64%
Almelo
62%
Vlissingen
61%
Ameland
60%
Gouda
59%
Schiermonnikoog
59%
Terschelling
59%
Vlieland
59%
Hengelo
57%
Dordrecht
56%
Zaanstad
56%
Emmen
55%
Hilversum
55%
Deventer
54%
Heerenveen
54%
Bergen (Limburg)
53%
Bergen (Noord-Holland)
53%
Ede
53%
Roermond
52%
Amstelveen
50%
Súdwest-Fryslân
50%
Alphen aan den Rijn
48%
Edam-Volendam
48%
Haarlemmermeer
48%
Urk
48%
Goes
47%
Oss
47%
Hoorn
46%
Roosendaal
46%
Sittard-Geleen
46%
Delfzijl
45%
Heerlen
44%
Katwijk
43%
Zoetermeer
43%
Doetinchem
42%
Kerkrade
42%
Noordoostpolder
42%
Harderwijk
41%
Meppel
40%
Wageningen
40%
Zutphen
40%
Bergen op Zoom
39%
Helmond
39%
Enkhuizen
38%
Terneuzen
38%
Venray
38%
Woerden
38%
Dronten
36%
Epe
36%
Harlingen
36%
Schiedam
36%
Zeist
36%
Kampen
35%
Zandvoort
35%
Aalsmeer
34%
Hoogeveen
34%
Naarden
34%
Veenendaal
34%
Barneveld
33%
Bussum
33%
Nieuwegein
33%
Noordwijk
33%
Tiel
33%
Valkenburg aan de Geul
33%
Winterswijk
33%
Veendam
32%
Waalwijk
32%
Weert
32%
Ermelo
31%
Purmerend
31%
Haren
30%
Soest
30%
Vlaardingen
30%
Gorinchem
29%
Heerhugowaard
29%
Smallingerland
29%
Baarn
28%
Barendrecht
28%
Capelle aan den IJssel
28%
Nunspeet
28%
Putten
28%
Rhenen
28%
Aa en Hunze
27%
Boxtel
27%
Castricum
27%
Coevorden
27%
Culemborg
27%
Oldenzaal
27%
Schagen
27%
Wassenaar
27%
Zwijndrecht
27%
Appingedam
26%
Baarle-Nassau
26%
Beverwijk
26%
Huizen
26%
Laren
26%
Stadskanaal
26%
Uden
26%
Vaals
26%
Zeewolde
26%
Blaricum
25%
De Bilt
25%
Hoogezand-Sappemeer
25%
Leidschendam-Voorburg
25%
Lisse
25%
Nijkerk
25%
Rijswijk
25%
Rozendaal
25%
Veldhoven
25%
Bloemendaal
24%
Diemen
24%
Houten
24%
Ommen
24%
Valkenswaard
24%
Weesp
24%
Zevenaar
24%
Alblasserdam
23%
Best
23%
Boxmeer
23%
Aalten
22%
Cuijk
22%
Duiven
22%
Heemstede
22%
Oisterwijk
22%
Papendrecht
22%
Raalte
22%
Ridderkerk
22%
Staphorst
22%
Zaltbommel
22%
Goeree-Overflakkee
21%
Heemskerk
21%
Maassluis
21%
Spijkenisse
21%
Veghel
21%
Vught
21%
Westland
21%
Wijchen
21%
Bodegraven-Reeuwijk
20%
Deurne
20%
Etten-Leur
20%
Hardenberg
20%
Het Bildt
20%
Hulst
20%
Krimpen aan den IJssel
20%
Leiderdorp
20%
Muiden
20%
Tholen
20%
Beek
19%
Echt-Susteren
19%
Geldermalsen
19%
IJsselstein
19%
Rheden
19%
Rijssen-Holten
19%
Schouwen-Duiveland
19%
Velsen
19%
Haaksbergen
18%
Leusden
18%
Oegstgeest
18%
Pekela
18%
Sluis
18%
Vianen
18%
Geldrop-Mierlo
17%
Leerdam
17%
Midden-Drenthe
17%
Nuenen, Gerwen en Nederwetten
17%
Oirschot
17%
Sliedrecht
17%
Uitgeest
17%
Veere
17%
Voorschoten
17%
Waddinxveen
17%
Alphen-Chaam
16%
Beemster
16%
Dalfsen
16%
Goirle
16%
Grave
16%
Gulpen-Wittem
16%
Hellevoetsluis
16%
Kapelle
16%
Lochem
16%
Medemblik
16%
Moerdijk
16%
Mook en Middelaar
16%
Oosterhout
16%
Berkelland
15%
Boskoop
15%
Brielle
15%
Doesburg
15%
Gilze en Rijen
15%
Haarlemmerliede en Spaarnwoude
15%
Heiloo
15%
Hendrik-Ido-Ambacht
15%
Hillegom
15%
Pijnacker-Nootdorp
15%
Renkum
15%
Sint-Oedenrode
15%
Waalre
15%
Wijk bij Duurstede
15%
Asten
14%
Borger-Odoorn
14%
Brunssum
14%
Cranendonck
14%
Eijsden-Margraten
14%
Elburg
14%
Gemert-Bakel
14%
Groesbeek
14%
Hardinxveld-Giessendam
14%
Hellendoorn
14%
Hilvarenbeek
14%
Hof van Twente
14%
Hollands Kroon
14%
Landgraaf
14%
Leek
14%
Lopik
14%
Nederweert
14%
Uithoorn
14%
Utrechtse Heuvelrug
14%
Bergeijk
13%
Beuningen
13%
Borne
13%
Bunnik
13%
Buren
13%
Eersel
13%
Haaren
13%
Hattem
13%
Horst aan de Maas
13%
Meerssen
13%
Mill en Sint Hubert
13%
Nieuwkoop
13%
Noord-Beveland
13%
Bedum
12%
Bronckhorst
12%
Brummen
12%
Bunschoten
12%
Druten
12%
Heerde
12%
Heusden
12%
Loon op Zand
12%
Oldambt
12%
Olst-Wijhe
12%
Rucphen
12%
Schoonhoven
12%
Son en Breugel
12%
Werkendam
12%
Zoeterwoude
12%
Bladel
11%
Dinkelland
11%
Heeze-Leende
11%
Loppersum
11%
Montfoort
11%
Sint-Michielsgestel
11%
Steenwijkerland
11%
Tubbergen
11%
Tynaarlo
11%
Voorst
11%
Wierden
11%
Zwartewaterland
11%
Aalburg
10%
Achtkarspelen
10%
Boekel
10%
Borsele
10%
De Ronde Venen
10%
Eemnes
10%
Franekeradeel
10%
Losser
10%
Opsterland
10%
Overbetuwe
10%
Peel en Maas
10%
Scherpenzeel
10%
Schijndel
10%
Slochteren
10%
Someren
10%
Vlagtwedde
10%
Woudenberg
10%
Zundert
10%
De Marne
9%
Gennep
9%
Leeuwarderadeel
9%
Marum
9%
Millingen aan de Rijn
9%
Montferland
9%
Neder-Betuwe
9%
Noordenveld
9%
Noordwijkerhout
9%
Oud-Beijerland
9%
Oudewater
9%
Reusel-De Mierden
9%
Stein
9%
Ten Boer
9%
Twenterand
9%
Waterland
9%
Winsum
9%
Wormerland
9%
Woudrichem
9%
Zuidhorn
9%
Albrandswaard
8%
Cromstrijen
8%
Dantumadeel
8%
De Wolden
8%
Dongen
8%
Drimmelen
8%
Heumen
8%
Landsmeer
8%
Midden-Delfland
8%
Nuth
8%
Oldebroek
8%
Ooststellingwerf
8%
Renswoude
8%
Stede Broec
8%
Steenbergen
8%
Ubbergen
8%
Westervoort
8%
Weststellingwerf
8%
Beesel
7%
Bellingwedde
7%
Bergambacht
7%
Binnenmaas
7%
Dongeradeel
7%
Drechterland
7%
Eemsmond
7%
Kaag en Braassem
7%
Lansingerland
7%
Maasdriel
7%
Maasgouw
7%
Oude IJsselstreek
7%
Ouder-Amstel
7%
Ouderkerk
7%
Reimerswaal
7%
Simpelveld
7%
Stichtse Vecht
7%
Strijen
7%
Teylingen
7%
Vlist
7%
Westerveld
7%
Westvoorne
7%
Wijdemeren
7%
Woensdrecht
7%
Zuidplas
7%
Bernheze
6%
Gaasterland-Sloten
6%
Graft-De Rijp
6%
Grootegast
6%
Halderberge
6%
Koggenland
6%
Leudal
6%
Lingewaal
6%
Lingewaard
6%
Molenwaard
6%
Oost Gelre
6%
Oostzaan
6%
Opmeer
6%
Roerdalen
6%
Schinnen
6%
Voerendaal
6%
West Maas en Waal
6%
Bernisse
5%
Ferwerderadeel
5%
Geertruidenberg
5%
Kollumerland en Nieuwkruisland
5%
Korendijk
5%
Menterwolde
5%
Neerijnen
5%
Onderbanken
5%
Schermer
5%
Zeevang
5%
Giessenlanden
4%
Laarbeek
4%
Langedijk
4%
Lemsterland
4%
Littenseradeel
4%
Maasdonk
4%
Menaldumadeel
4%
Nederlek
4%
Sint Anthonis
4%
Tietjerksteradeel
4%
Boornsterhem
3%
Landerd
3%
Rijnwaarden
3%
Rijnwoude
3%
Zederik
3%
Skarsterlân
2%

Scoreverdeling

Percentiel versus Aantal Correcte Antwoorden

Procent van Mensen met Elke Score

Uw Scoregeschiedenis

U heeft deze quiz nog niet genomen